| 000 | 00635nam a2200217 u 4500 | ||
|---|---|---|---|
| 005 | 20240831063737.0 | ||
| 008 | 110322s2007 es r 000 0 spa d | ||
| 020 | _a9788467521429 | ||
| 035 | _aUPN01000179784 | ||
| 049 | _aI | ||
| 050 | 4 |
_aPZ74.9 _bN4.6 |
|
| 100 | 1 |
_aNesquens, Daniel, _d1967- _931792 |
|
| 245 | 1 | 0 |
_aPájaros en la cabeza / _cDaniel Nesquens ; il de Elisa Arguilé. |
| 260 |
_aMadrid : _bSM, _c2007. |
||
| 300 |
_a59 p. : _bil. |
||
| 440 | 3 |
_aEl barco de vapor ; _v116 |
|
| 650 | 4 |
_aCuentos infantiles españoles _97725 |
|
| 650 | 4 |
_aAVES - _vLITERATURA JUVENIL _94147 |
|
| 905 | _aInfantil | ||
| 999 |
_c151887 _d151887 |
||